000 00693nab a2200205 uc4500
001 943194
005 20240831090648.0
008 050906e20050601 spa
035 _a943194
035 _a(OCoLC)820332493
040 _ccomduadb
041 _aspa
100 1 0 _aPacheco, Ruth
_4aut
_eaut
_9548069
245 1 0 _aCompetencias claves para la comunicacion organizacional
650 7 _aCompetencia comunicativa
_2embne
_952369
650 7 _aComunicación organizacional
_2lemb
_933998
650 _aConflicto organizacional
_978449
773 0 _tChasqui : Revista Latinoamericana de Comunicación (Quito)
_gNo. 090, Jun. 2005, p. 70-75
_w126705
_x1390-1079
_070411
942 _cARIMP
999 _c364981
_d364981